| 000 | 01688nam a22004337a 4500 | ||
|---|---|---|---|
| 003 | CHAP | ||
| 005 | 20220329143258.0 | ||
| 008 | 071214s2007 mx r 00010 spa d | ||
| 010 | _a94336 | ||
| 011 | _a95308 | ||
| 035 | _a105927 | ||
| 040 | _cCHAP | ||
| 090 | _aTesis | ||
| 100 | 1 |
_aVázquez Chena, Isabel. _9120322 |
|
| 245 | 1 | 0 |
_aViabilidad de producción de jitomate (Lycopersicon esculentum Mill.) bajo invernadero e hidroponia y su mercado en el municipio de Libres, Puebla _c/por Isabel Vázquez Chena |
| 260 |
_aChapingo, Méx. : _bEl autor, _c2007 |
||
| 300 |
_a119 h. : _bilus. ; gráfs. ; cuadros ; mapas |
||
| 502 | _aTesis (Ing. Agr. Esp. en Fitotecnia) -- UACH. Departamento de Fitotecnia | ||
| 530 | _aTambién disponible en línea | ||
| 590 |
_aALEPH _b10 _c20130110 _lUCH01 _h1521 |
||
| 590 |
_aBATCH-UPD _b10 _c20130110 _lUCH01 _h0917 |
||
| 590 |
_aBATCH-UPD _b10 _c20130410 _lUCH01 _h0540 |
||
| 590 |
_aBATCH-UPD _b10 _c20130914 _lUCH01 _h1131 |
||
| 590 |
_aBATCH-UPD _b10 _c20140324 _lUCH01 _h1505 |
||
| 590 |
_aBATCH-UPD _b10 _c20141002 _lUCH01 _h0835 |
||
| 590 |
_aCONVERSION _b10 _c20130109 _lUCH01 _h1352 |
||
| 650 | 1 | 4 |
_aCultivos en invernadero. _930376 |
| 650 | 1 | 4 |
_aHidroponía. _955280 |
| 650 | 1 | 4 |
_aHorticultura _xPuebla _zPuebla. _9175487 |
| 650 | 1 | 4 |
_aTomate _xMercadeo. _9113738 |
| 650 | 1 | 4 |
_aTomate _xPuebla. _9113759 |
| 650 | 1 | 4 |
_aTomate _xRendimiento. _9113761 |
| 856 |
_3Finding aid _uhttp://10.13.5.2/tesis/105927.pdf _zTeclea aqui |
||
| 901 | _aBK | ||
| 905 | _aLuisgm | ||
| 942 | _cFOLL | ||
| 949 |
_aTesis _bBC _cTES _d33724002047181 _eTS2 _fc.2 _gDonaciØn _h47505 _i105927 _sb |
||
| 949 |
_aTesis _bBC _cTES _d33724002047199 _eTS1 _gDonaciØn _h47504 _i105927 _sb |
||
| 999 |
_c94336 _d94336 |
||